Problemas y perspectivas de la teoría de la dependencia /
El documento analiza los problemas y perspectivas de la teoría de la dependencia, desde una doble perspectiva que permite analizar sus principales supuestos y su desarrollo.
Salvato in:
| Autore principale: | |
|---|---|
| Altri autori: | |
| Natura: | testo |
| Lingua: | Spanish |
| Pubblicazione: |
México :
CELA. UNAM
1973
|
| Soggetti: | |
| Tags: |
Aggiungi Tag
Nessun Tag, puoi essere il primo ad aggiungerne!!
|
MARC
| LEADER | 00000 a a2200000 04500 | ||
|---|---|---|---|
| 001 | 17695 | ||
| 003 | cru CIDCACS/IIS | ||
| 005 | 20230705112849.0 | ||
| 008 | 230321b1973 mx ||||| |||| 00| 0 spa d | ||
| 040 | |c CRAI IIS | ||
| 090 | |a 01.02.03 |b C965p | ||
| 100 | |a Cueva, Agustín | ||
| 245 | |a Problemas y perspectivas de la teoría de la dependencia / |c Agustín Cueva | ||
| 260 | |a México : |b CELA. UNAM |c 1973 | ||
| 300 | |a 34 páginas | ||
| 520 | |a El documento analiza los problemas y perspectivas de la teoría de la dependencia, desde una doble perspectiva que permite analizar sus principales supuestos y su desarrollo. | ||
| 650 | 0 | |9 7397 |a DEPENDENCIA | |
| 650 | 0 | |9 2081 |a SOCIOLOGIA | |
| 650 | 0 | |9 64 |a CAPITALISMO | |
| 700 | 1 | |9 11070 |a Calvo, Pilar | |
| 942 | |2 ddc |c LITG | ||
| 999 | |c 12481 |d 12481 | ||
